Media Lab, Mumbai University (Record no. 361531)

MARC details
000 -LEADER
fixed length control field 00289nam a2200109Ia 4500
008 - FIXED-LENGTH DATA ELEMENTS--GENERAL INFORMATION
fixed length control field 241105s9999 xx 000 0 und d
041 ## - LANGUAGE CODE
Language code of text/sound track or separate title eng
100 ## - MAIN ENTRY--PERSONAL NAME
Personal name Ghatage Anahita.
9 (RLIN) 184172
245 ## - TITLE STATEMENT
Title Media Lab, Mumbai University
260 ## - PUBLICATION, DISTRIBUTION, ETC. (IMPRINT)
Name of publisher, distributor, etc. BNCA, Pune
Date of publication, distribution, etc. 2018
700 ## - ADDED ENTRY--PERSONAL NAME
Personal name Patwardhan Ravi
9 (RLIN) 208742

No items available.